000 00307 a2200145 4500
001 172326
020 _a
040 _cMagnum
100 _aBueno, Maria Celia
240 1 0 _aQuem cura o caracol?
_lpor
245 1 0 _aQuem cura o caracol?
362 0 _a1995
697 _aLITERATURA INFANTIL
942 _cBK
999 _c172326
_d172326